| 000 -LEADER |
| fixed length control field |
04028nam a22006495i 4500 |
| 001 - CONTROL NUMBER |
| control field |
21682650 |
| 003 - CONTROL NUMBER IDENTIFIER |
| control field |
NUST |
| 005 - DATE AND TIME OF LATEST TRANSACTION |
| control field |
20200921142409.0 |
| 006 - FIXED-LENGTH DATA ELEMENTS--ADDITIONAL MATERIAL CHARACTERISTICS |
| fixed length control field |
m |o d | |
| 007 - PHYSICAL DESCRIPTION FIXED FIELD--GENERAL INFORMATION |
| fixed length control field |
cr ||||||||||| |
| 008 - FIXED-LENGTH DATA ELEMENTS--GENERAL INFORMATION |
| fixed length control field |
160303s2016 si |||| o |||| 0|eng |
| 010 ## - LIBRARY OF CONGRESS CONTROL NUMBER |
| LC control number |
2019748884 |
| 020 ## - INTERNATIONAL STANDARD BOOK NUMBER |
| International Standard Book Number |
9789811006487 |
| 024 7# - OTHER STANDARD IDENTIFIER |
| Standard number or code |
10.1007/978-981-10-0648-7 |
| Source of number or code |
doi |
| 035 ## - SYSTEM CONTROL NUMBER |
| System control number |
(DE-He213)978-981-10-0648-7 |
| 038 ## - RECORD CONTENT LICENSOR |
| Staff Name |
MSOHAIL |
| 040 ## - CATALOGING SOURCE |
| Original cataloging agency |
DLC |
| Language of cataloging |
eng |
| Description conventions |
pn |
| -- |
rda |
| Transcribing agency |
DLC |
| 072 #7 - SUBJECT CATEGORY CODE |
| Subject category code |
TEC009020 |
| Source |
bisacsh |
| 072 #7 - SUBJECT CATEGORY CODE |
| Subject category code |
TNKX |
| Source |
bicssc |
| 072 #7 - SUBJECT CATEGORY CODE |
| Subject category code |
TNKX |
| Source |
thema |
| 082 04 - DEWEY DECIMAL CLASSIFICATION NUMBER |
| Classification number |
690.21 |
| Edition number |
23 |
| Author Mark |
DEL |
| 245 00 - TITLE STATEMENT |
| Title |
New Approaches to Building Pathology and Durability / |
| Statement of responsibility, etc. |
edited by João M.P.Q. Delgado. |
| 250 ## - EDITION STATEMENT |
| Edition statement |
1st ed. 2016. |
| 264 #1 - PRODUCTION, PUBLICATION, DISTRIBUTION, MANUFACTURE, AND COPYRIGHT NOTICE |
| Place of production, publication, distribution, manufacture |
Singapore : |
| Name of producer, publisher, distributor, manufacturer |
Springer Singapore : |
| -- |
Imprint: Springer, |
| Date of production, publication, distribution, manufacture, or copyright notice |
2016. |
| 300 ## - PHYSICAL DESCRIPTION |
| Extent |
1 online resource (VIII, 207 pages) |
| 336 ## - CONTENT TYPE |
| Content type term |
text |
| Content type code |
txt |
| Source |
rdacontent |
| 337 ## - MEDIA TYPE |
| Media type term |
computer |
| Media type code |
c |
| Source |
rdamedia |
| 338 ## - CARRIER TYPE |
| Carrier type term |
online resource |
| Carrier type code |
cr |
| Source |
rdacarrier |
| 347 ## - DIGITAL FILE CHARACTERISTICS |
| File type |
text file |
| Encoding format |
PDF |
| Source |
rda |
| 490 1# - SERIES STATEMENT |
| Series statement |
Building Pathology and Rehabilitation, |
| International Standard Serial Number |
2194-9832 ; |
| Volume/sequential designation |
6 |
| 505 0# - FORMATTED CONTENTS NOTE |
| Formatted contents note |
Mechanical pathologies of reinforced concrete corbels and repair by bonding composite carbon fabrics -- Assessment and rehabilitation of industrial building for the production of ammonium nitrate low density -- Effect of temperature on water capillary rise coefficient of building materials -- Evaluation of the service life of external painted surfaces applying statistical tools -- Corrosion propagation phase studies on Finnish reinforced concrete façades -- Biocementation as rehabilitation technique -- Natural ageing tests to study in-service different façade solutions - ETICS and premixed one-coat rendered walls -- Prevention of algal growth on clay façades by photocatalytic TiO2 nano-coating -- Rehabilitation of concrete industrial building façades attacked by acids -- Pathologies - Incompatibility of materials and human intervention in a historic building of Elvas. |
| 520 ## - SUMMARY, ETC. |
| Summary, etc. |
This book presents a collection of recent research works intended to assist in the effective management of service loss. It develops and evaluates methodologies for the assessment of defects and failures, and proposes methodologies for preventing and mitigating building defects. As such, the book will appeal to a broad readership of scientists, practitioners, students and lecturers. |
| 588 ## - SOURCE OF DESCRIPTION NOTE |
| Source of description note |
Description based on publisher-supplied MARC data. |
| 650 #0 - SUBJECT ADDED ENTRY--TOPICAL TERM |
| Topical term or geographic name entry element |
Building materials. |
| 9 (RLIN) |
30397 |
| 650 #0 - SUBJECT ADDED ENTRY--TOPICAL TERM |
| Topical term or geographic name entry element |
Building repair. |
| 9 (RLIN) |
30398 |
| 650 #0 - SUBJECT ADDED ENTRY--TOPICAL TERM |
| Topical term or geographic name entry element |
Buildings-Repair and reconstruction. |
| 9 (RLIN) |
30399 |
| 650 #0 - SUBJECT ADDED ENTRY--TOPICAL TERM |
| Topical term or geographic name entry element |
Cultural heritage. |
| 9 (RLIN) |
30400 |
| 650 #0 - SUBJECT ADDED ENTRY--TOPICAL TERM |
| Topical term or geographic name entry element |
Heat engineering. |
| 9 (RLIN) |
30249 |
| 650 #0 - SUBJECT ADDED ENTRY--TOPICAL TERM |
| Topical term or geographic name entry element |
Heat transfer. |
| 9 (RLIN) |
30250 |
| 650 #0 - SUBJECT ADDED ENTRY--TOPICAL TERM |
| Topical term or geographic name entry element |
Mass transfer. |
| 9 (RLIN) |
11005 |
| 650 #0 - SUBJECT ADDED ENTRY--TOPICAL TERM |
| Topical term or geographic name entry element |
Structural materials. |
| 9 (RLIN) |
30401 |
| 650 #0 - SUBJECT ADDED ENTRY--TOPICAL TERM |
| Topical term or geographic name entry element |
Thermodynamics. |
| 9 (RLIN) |
7134 |
| 650 14 - SUBJECT ADDED ENTRY--TOPICAL TERM |
| Topical term or geographic name entry element |
Building Repair and Maintenance. |
| Authority record control number or standard number |
https://scigraph.springernature.com/ontologies/product-market-codes/T23055 |
| 9 (RLIN) |
30402 |
| 650 24 - SUBJECT ADDED ENTRY--TOPICAL TERM |
| Topical term or geographic name entry element |
Building Materials. |
| Authority record control number or standard number |
https://scigraph.springernature.com/ontologies/product-market-codes/T23047 |
| 9 (RLIN) |
30403 |
| 650 24 - SUBJECT ADDED ENTRY--TOPICAL TERM |
| Topical term or geographic name entry element |
Cultural Heritage. |
| Authority record control number or standard number |
https://scigraph.springernature.com/ontologies/product-market-codes/419000 |
| 9 (RLIN) |
30404 |
| 650 24 - SUBJECT ADDED ENTRY--TOPICAL TERM |
| Topical term or geographic name entry element |
Engineering Thermodynamics, Heat and Mass Transfer. |
| Authority record control number or standard number |
https://scigraph.springernature.com/ontologies/product-market-codes/T14000 |
| 9 (RLIN) |
30252 |
| 650 24 - SUBJECT ADDED ENTRY--TOPICAL TERM |
| Topical term or geographic name entry element |
Structural Materials. |
| Authority record control number or standard number |
https://scigraph.springernature.com/ontologies/product-market-codes/Z11000 |
| 9 (RLIN) |
30405 |
| 700 1# - ADDED ENTRY--PERSONAL NAME |
| Personal name |
Delgado, João M.P.Q. |
| Relator term |
editor. |
| 9 (RLIN) |
30406 |
| 776 08 - ADDITIONAL PHYSICAL FORM ENTRY |
| Relationship information |
Print version: |
| Title |
New approaches to building pathology and durability. |
| International Standard Book Number |
9789811006470 |
| Record control number |
(DLC) 2016932315 |
| 776 08 - ADDITIONAL PHYSICAL FORM ENTRY |
| Relationship information |
Printed edition: |
| International Standard Book Number |
9789811006470 |
| 776 08 - ADDITIONAL PHYSICAL FORM ENTRY |
| Relationship information |
Printed edition: |
| International Standard Book Number |
9789811006494 |
| 776 08 - ADDITIONAL PHYSICAL FORM ENTRY |
| Relationship information |
Printed edition: |
| International Standard Book Number |
9789811092183 |
| 830 #0 - SERIES ADDED ENTRY--UNIFORM TITLE |
| Uniform title |
Building Pathology and Rehabilitation, |
| International Standard Serial Number |
2194-9832 ; |
| Volume/sequential designation |
6 |
| 9 (RLIN) |
30407 |
| 856 40 - ELECTRONIC LOCATION AND ACCESS |
| Uniform Resource Identifier |
<a href="https://hdl.loc.gov/loc.gdc/stacks.2019748884">https://hdl.loc.gov/loc.gdc/stacks.2019748884</a> |
| Public note |
Available onsite via Stacks |
| 906 ## - LOCAL DATA ELEMENT F, LDF (RLIN) |
| a |
0 |
| b |
ibc |
| c |
origres |
| d |
u |
| e |
ncip |
| f |
20 |
| g |
y-gencatlg |
| 942 ## - ADDED ENTRY ELEMENTS (KOHA) |
| Source of classification or shelving scheme |
|
| Koha item type |
Book |